Loading...
| Science - Other | 0 | 3 | 0 | 0 | 30 | 35 | 69.00 | 2 | 3 | 0.00 | 0.00 |
| History - World | 0 | 2 | 0 | 1 | 20 | 66 | 87.00 | 0 | 0 | 0.00 | 0.00 |
| Social Science | 0 | 2 | 0 | 0 | 20 | 27 | 62.00 | 1 | 1 | 0.00 | 0.00 |
| Science - Biology | 0 | 2 | 0 | 0 | 20 | 75 | 88.50 | 0 | 2 | 0.00 | 0.00 |
| Fine Arts - Classical Music | 0 | 1 | 0 | 0 | 10 | 93 | 93.00 | 0 | 0 | 0.00 | 0.00 |
| Mythology | 0 | 1 | 0 | 0 | 10 | 27 | 27.00 | 1 | 1 | 0.00 | 0.00 |
| Literature - American | 0 | 1 | 0 | 0 | 10 | 92 | 92.00 | 0 | 0 | 0.00 | 0.00 |
| Fine Arts - Other | 0 | 1 | 0 | 0 | 10 | 77 | 77.00 | 0 | 1 | 0.00 | 0.00 |
| Geography/Current Events | 0 | 1 | 0 | 0 | 10 | 91 | 91.00 | 0 | 0 | 0.00 | 0.00 |
| History - American | 0 | 1 | 0 | 1 | 10 | 120 | 120.00 | 0 | 0 | 0.00 | 0.00 |
| Science - Chemistry | 0 | 1 | 0 | 0 | 10 | 109 | 109.00 | 0 | 0 | 0.00 | 0.00 |
| Science - Physics | 0 | 1 | 0 | 1 | 10 | 106 | 106.00 | 0 | 1 | 0.00 | 0.00 |
| Fine Arts - Visual | 0 | 1 | 1 | 0 | 5 | 94 | 94.00 | 0 | 1 | 0.00 | 0.00 |
| History - Other | 0 | 0 | 1 | 0 | -5 | 0.00 | 0 | 0 | 0.00 | 0.00 | |
| Pop Culture | 0 | 0 | 1 | 0 | -5 | 0.00 | 0 | 0 | 0.00 | 0.00 |